Batas kebebasan pergaulan muda mudi Islam / (Record no. 1113)

000 -LEADER
fixed length control field nam a22 a 4500
003 - CONTROL NUMBER IDENTIFIER
control field AKMAL
005 - DATE AND TIME OF LATEST TRANSACTION
control field 20170508141025.0
008 - FIXED-LENGTH DATA ELEMENTS--GENERAL INFORMATION
fixed length control field 170508s1988 my 00 may d
020 ## - INTERNATIONAL STANDARD BOOK NUMBER
International Standard Book Number 9836100296 (kkt.):
Terms of availability RM3.40
040 ## - CATALOGING SOURCE
Original cataloging agency AKMAL
Transcribing agency AKMAL
082 04 - DEWEY DECIMAL CLASSIFICATION NUMBER
Classification number 296.4 MAF
Edition number 21
090 00 - LOCALLY ASSIGNED LC-TYPE CALL NUMBER (OCLC); LOCAL CALL NUMBER (RLIN)
Classification number (OCLC) (R) ; Classification number, CALL (RLIN) (NR) 296.4
Local cutter number (OCLC) ; Book number/undivided call number, CALL (RLIN) MAF
100 0# - MAIN ENTRY--PERSONAL NAME
Personal name Maftuh Ahnan
9 (RLIN) 2313
245 10 - TITLE STATEMENT
Title Batas kebebasan pergaulan muda mudi Islam /
Statement of responsibility, etc. Maftuh Ahnan
260 ## - PUBLICATION, DISTRIBUTION, ETC.
Place of publication, distribution, etc. Klang :
Name of publisher, distributor, etc. Klang Book Centre,
Date of publication, distribution, etc. 1988
300 00 - PHYSICAL DESCRIPTION
Extent 80ms. ;
Dimensions 21cm
500 ## - GENERAL NOTE
General note Mengandungi ayat-ayat dari Al-Quran
650 #0 - SUBJECT ADDED ENTRY--TOPICAL TERM
Topical term or geographic name entry element Women in Islam
9 (RLIN) 1654
650 #0 - SUBJECT ADDED ENTRY--TOPICAL TERM
Topical term or geographic name entry element Women and religion
9 (RLIN) 2314
942 ## - ADDED ENTRY ELEMENTS (KOHA)
Source of classification or shelving scheme
Koha item type Book
Holdings
Withdrawn status Lost status Source of classification or shelving scheme Damaged status Not for loan Collection code Home library Current library Shelving location Date acquired Inventory number Total Checkouts Full call number Barcode Date last seen Price effective from Koha item type
          NON-FICTION AKMAL Melaka AKMAL Melaka PINJAMAN 08.05.2017 00476   296.4 MAF 201702152 08.05.2017 08.05.2017 Book
Pusat Sumber Maklumat Dato' Haji Sarmin Md Hussin, Akademi Kastam Diraja Malaysia, Melaka
Tel: 06-2331106 | Faks: 06-2313787